LEADER 01553nam a2200361 i 4500 001 991002939099707536 008 071015s2007 riu b 100 0 eng d 024 3 $a9780821840627 035 $ab13605549-39ule_inst 040 $aDip.to Matematica$beng 082 04$a530.143$222 084 $aAMS 53-06 084 $aAMS 55-06 084 $aAMS 58-06 084 $aAMS 81-06 084 $aLC QC174.45.A1S86 111 2 $aSummer School Geometric and Topological Methods for Quantum Field Theory$d<2005 ;$cVilla de Leyva, Colombia>$0626644 245 10$aGeometric and topological methods for quantum field theory :$bSummer School on Geometric and topological methods for quantum field theory, July 11-29, 2005, Villa de Leyva, Colombia /$cS. Paycha, B. Uribe, editors 260 $aProvidence, R. I. :$bAmerican Mathematical Society,$c2007 300 $axi, 255 p. ;$c25 cm 490 1 $aContemporary mathematics,$x0271-4132 ;$v434 504 $aIncludes bibliographical references 650 0$aQuantum field theory$vCongresses 650 0$aAlgebraic topology$vCongresses 650 0$aGeometry, Algebraic$vCongresses 700 1 $aPaycha, Sylvie 700 1 $aUribe, Bernardo 907 $a.b13605549$b28-01-14$c15-10-07 912 $a991002939099707536 945 $aLE013 53-XX PAY11 (2007)$g1$i2013000206660$lle013$op$pE67.28$q-$rl$s- $t0$u1$v0$w1$x0$y.i14620017$z27-11-07 996 $aGeometric and topological methods for quantum field theory$91215807 997 $aUNISALENTO 998 $ale013$b15-10-07$cm$da $e-$feng$griu$h0$i0 LEADER 02734oam 2200625I 450 001 9910799919903321 005 20230912155134.0 010 $a1-138-40308-3 010 $a1-136-12934-0 010 $a1-283-20962-4 010 $a9786613209627 010 $a0-240-81729-X 024 7 $a10.4324/9780240817293 035 $a(CKB)2670000000099767 035 $a(EBL)745419 035 $a(OCoLC)746495819 035 $a(SSID)ssj0000507885 035 $a(PQKBManifestationID)11328946 035 $a(PQKBTitleCode)TC0000507885 035 $a(PQKBWorkID)10550816 035 $a(PQKB)10358624 035 $a(OCoLC)897451399 035 $a(CaSebORM)9780240817286 035 $a(MiAaPQ)EBC4689069 035 $a(MiAaPQ)EBC745419 035 $a(EXLCZ)992670000000099767 100 $a20180706e20132012 uy 0 101 0 $aeng 135 $aur|n|---||||| 181 $ctxt 182 $cc 183 $acr 200 10$aFrame-by-frame stop motion $ethe guide to non-traditional animation techniques /$fTom Gasek 205 $a1st edition 210 1$aAmsterdam :$cFocal Press,$d2013. 215 $a1 online resource (214 p.) 300 $aFirst published in 2012. 311 $a1-136-12933-2 311 $a0-240-81728-1 327 $aMachine generated contents note: Chapter 1: What are the Possibilities? Chapter 2: Shooting Frame by Frame Chapter 3: Pixilation Chapter 4: Time Lapse Chapter 5: Cinematography, Lighting and Composition Chapter 6: Objects, People & Places Chapter 7: The Multiplane Down-shooter Chapter 8: A Sense of Drama Chapter 9: Visual Rhythm Chapter 10: Collage (The Digital Advantage) Chapter 11: Massaging Frames in the Edit Chapter 12: Off to the Market. 330 $aIn a world that is dominated by computer images, alternative stop motion techniques like pixilation, time-lapse photography and down-shooting techniques combined with new technologies offer a new, tangible and exciting approach to animation. With over 25 years professional experience, industry veteran, Tom Gasek presents a comprehensive guide to stop motion animation without the focus on puppetry or model animation. With tips, tricks and hands-on exercises, Frame by Frame will help both experienced and novice filmmakers get the most effective results from this underutilized branch of animat 606 $aAnimation (Cinematography) 615 0$aAnimation (Cinematography) 676 $a006.6 676 $a006.6/96 676 $a006.696 676 $a791.4334 700 $aGasek$b Tom.$01588387 801 0$bMiAaPQ 801 1$bMiAaPQ 801 2$bMiAaPQ 906 $aBOOK 912 $a9910799919903321 996 $aFrame-by-frame stop motion$93877904 997 $aUNINA